Teen lambi kavitayen. (Record no. 99599)

MARC details
000 -LEADER
fixed length control field 00549nam a2200193Ia 4500
003 - CONTROL NUMBER IDENTIFIER
control field OSt
005 - DATE AND TIME OF LATEST TRANSACTION
control field 20260406120005.0
008 - FIXED-LENGTH DATA ELEMENTS--GENERAL INFORMATION
fixed length control field 210210b1996 xxu||||| |||| 00| 0 eng d
040 ## - CATALOGING SOURCE
Transcribing agency AL
041 ## - LANGUAGE CODE
Language code of text/sound track or separate title Hindi
082 ## - DEWEY DECIMAL CLASSIFICATION NUMBER
Classification number H891.108 SIMT
100 ## - MAIN ENTRY--PERSONAL NAME
Personal name SIMH (Dudhnath),Ed.
Dates associated with a name सिंह (दुधनाथ)
9 (RLIN) 260274
245 ## - TITLE STATEMENT
Title Teen lambi kavitayen.
Remainder of title तीन लम्बी कवितायेँ
260 ## - PUBLICATION, DISTRIBUTION, ETC.
Place of publication, distribution, etc. Ilahabad
Name of publisher, distributor, etc. Lokbharati Prakashan
Date of publication, distribution, etc. 1996
300 ## - PHYSICAL DESCRIPTION
Extent 67
690 ## - LOCAL SUBJECT ADDED ENTRY--TOPICAL TERM (OCLC, RLIN)
Topical term or geographic name as entry element Hindi Poetry
9 (RLIN) 260275
906 ## - LOCAL DATA ELEMENT F, LDF (RLIN)
a 051167
942 ## - ADDED ENTRY ELEMENTS (KOHA)
Source of classification or shelving scheme Dewey Decimal Classification
Koha item type Book
Holdings
Withdrawn status Lost status Damaged status Not for loan Collection code Home library Current library Shelving location Date acquired Cost, normal purchase price Total Checkouts Full call number Barcode Date last seen Price effective from Koha item type
          St Aloysius Library St Aloysius Library   02/17/2021 8.00   H891.108 SIMT 051167 02/17/2021 02/17/2021 Book